000 00327nam a2200121Ia 4500
008 230907s9999||||xx |||||||||||||| ||und||
082 _a696.1
_bREI
100 _aReid, Robert N.,
_9115805
245 0 _aWater quality and systems :
260 _aFairmont Press,
_bLilburn, Ga. :
_c2004
300 _axviii, 330 p. :
942 _cBK
999 _c599591
_d599591